Eurovision 2026 Artists & Songs - Statistics

General Stats
  • This quiz has been taken 82 times
    31 since last reset
  • The average score is 64 of 70
Answer Stats
Country Reveal Artist/Song % Correct
Croatia 15.02. Andromeda
100%
Romania 04.03. Choke Me
100%
Czechia 11.03. CROSSROADS
100%
Australia 01.03. Eclipse
100%
Latvia 14.02. Ēnā
100%
Greece 15.02. Ferto
100%
Germany 28.02. Fire
100%
Azerbaijan 09.03. Just Go
100%
Sweden 07.03. My System
100%
Poland 08.03. Pray
100%
Portugal 08.03. Rosa
100%
San Marino 07.03. Superstar
100%
Switzerland 11.03. Alice
96%
Bulgaria 28.02. Bangaranga
96%
Malta 18.01. Bella
96%
Belgium 19.02. Dancing on the Ice
96%
Sweden 07.03. FELICIA
96%
Cyprus 08.02. JALLA
96%
Serbia 28.02. Kraj Mene
96%
Croatia 15.02. LELEK
96%
Ukraine 07.02. LELÉKA
96%
Finland 28.02. Liekinheitin
96%
United Kingdom 17.02. LOOK MUM NO COMPUTER
96%
Luxembourg 24.01. Mother Nature
96%
Albania 20.12. Nân
96%
Montenegro 21.12. Nova Zora
96%
France 06.03. Regarde !
96%
Ukraine 07.02. Ridnym
96%
Moldova 17.01. Satoshi
96%
Estonia 14.02. Too Epic To Be True
96%
Moldova 17.01. Viva, Moldova!
96%
Norway 28.02. YA YA YA
96%
Greece 15.02. Akylas
93%
Poland 08.03. ALICJA
93%
Cyprus 6.11. Antigoni
93%
Bulgaria 31.01. DARA
93%
United Kingdom 06.03. Eins Zwei Drei
93%
France 06.03. Monroe
93%
Georgia 11.03. On Replay
93%
Lithuania 27.02. Sólo Quiero Más
93%
Estonia 14.02. Vanilla Ninja
93%
Malta 18.01. AIDAN
89%
Albania 20.12. Alis
89%
Georgia 14.01. Bzikebi
89%
Israel 05.03. Michelle
89%
Armenia 11.03. Paloma Rumba
89%
Italy 01.03. Per Sempre Sì
89%
Germany 28.02. Sarah Engels
89%
San Marino 07.03. SENHIT
89%
Armenia 11.03. SIMÓN
89%
Austria 20.02. Tanzschein
89%
Latvia 14.02. Atvara
85%
Austria 20.02. COSMÓ
85%
Australia 01.03. Delta Goodrem
85%
Luxembourg 24.01. Eva Marija
85%
Azerbaijan 06.03. JIVA
85%
Belgium 19.02. ESSYLA
81%
Denmark 14.02. Før Vi Går Hjem
81%
Lithuania 27.02. Lion Ceccah
81%
Switzerland 20.01. Veronica Fusaro
81%
Romania 04.03. Alexandra Căpitănescu
78%
Czechia 08.03. Daniel Zizka
78%
Norway 28.02. JONAS LOVV
78%
Serbia 28.02. LAVINA
78%
Italy 01.03. Sal Da Vinci
78%
Montenegro 21.12. Tamara Živković
78%
Portugal 08.03. Bandidos do Cante
74%
Israel 20.01. Noam Bettan
74%
Finland 28.02. Linda Lampenius x Pete Parkkonen
70%
Denmark 14.02. Søren Torpegaard Lund
70%
No matching quizzes found
Score Distribution
Percent of People with Each Score
Percentile by Number Answered
Your Score History
You have not taken this quiz since the last reset